| 000 | 00436nam a22001577a 4500 | ||
|---|---|---|---|
| 999 |
_c17742 _d17742 |
||
| 003 | OSt | ||
| 005 | 20221214085920.0 | ||
| 008 | 221214b ||||| |||| 00| 0 eng d | ||
| 040 | _c0 | ||
| 100 |
_aCrisostomo Sheila _947098 |
||
| 245 |
_aDengue cases plateau at 400,000- DOH/ _cSheila Crisostomo |
||
| 260 |
_aPhilippines _bThe Philippine star _cDecember 4 2019 |
||
| 300 | _a1 page | ||
| 650 |
_aHealth _947099 |
||
| 942 |
_2ddc _cPER |
||